|
|
|
|
| LEADER |
00000cas a2200000Ia 4500 |
| 001 |
vtls008871611 |
| 003 |
SK-MaSNL |
| 005 |
20260424115058.0 |
| 008 |
061030c20069999xo zr|p 0 b0slo |
| 022 |
|
|
|a 1337-6624
|
| 040 |
|
|
|a SNK
|b slo
|c SNK
|e AACR2
|
| 041 |
0 |
|
|a slo
|
| 072 |
|
7 |
|a 379.8
|x Voľný čas. Prázdniny
|2 konspekt
|
| 072 |
|
7 |
|a 82
|x Literatúra. Literárny život
|2 konspekt
|
| 080 |
|
|
|a 821-32
|2 2011
|
| 080 |
|
|
|a 050
|2 2011
|
| 080 |
|
|
|a 379.8(051)
|2 2011
|
| 210 |
0 |
|
|a Napísal sám živ.
|
| 222 |
|
0 |
|a Napísal sám život
|
| 245 |
0 |
0 |
|a Napísal sám život
|b Priateľka a Bratislavčanka
|
| 260 |
|
|
|a Bratislava
|b Redima
|c 2006-
|
| 260 |
|
|
|3 8/2022-
|a Bratislava
|b Redima Plus, s.r.o.
|
| 300 |
|
|
|a zv.
|c 21 cm
|
| 310 |
|
|
|a 2x ročne
|b 11/2023-
|
| 321 |
|
|
|a 4x ročne
|b 2006-2007
|
| 321 |
|
|
|a 6x ročne
|b 2008-2022
|
| 321 |
|
|
|a 4x ročne
|b 2023-10/2023
|
| 362 |
0 |
|
|a Roč. I, č. 1 (2006/2007)-
|
| 500 |
|
|
|a Šéfredaktorka: (2006-jan. 2023), Natália Výbošťoková
|
| 500 |
|
|
|a Evidenčné č.: EV 3031/09
|
| 500 |
|
|
|a Niektoré čísla sa zhodujú obsahovo s časopisom Bratislavčanka = ISSN 1335-9037
|
| 500 |
|
|
|a Podnázov: pohodové čítanie
|
| 515 |
|
|
|a V r. 2017 uvedený roč. X
|
| 515 |
|
|
|a V č. 1/2017 v tiráži uvedený rok 2016 ; v č. 1/2018 v tiráži uvedený rok 2017; v č. 1/2020 v tiráži uvedený rok 2019
|
| 525 |
|
|
|a Je prílohou k: Bratislavčanka = ISSN 1335-9037
|
| 650 |
0 |
7 |
|a príbehy zo života
|2 SNKPH
|9 270441
|
| 655 |
|
7 |
|a časopisy pre voľný čas
|2 SNKPH
|9 70337
|
| 655 |
|
7 |
|a časopisy pre ženy
|2 SNKPH
|9 70785
|
| 700 |
1 |
|
|a Výbošťoková, Natália
|4 pbd
|9 265539
|
| 772 |
0 |
|
|t Bratislavčanka
|x 1335-9037
|w vtls008627103
|
| 852 |
|
|
|a Štátna vedecká knižnica v Banskej Bystrici
|
| 910 |
|
|
|a snk
|
| 999 |
|
|
|c 6908
|d 8838
|
| 952 |
|
|
|t č. 1-3
|a SNK
|b SNK
|y PREZ
|7 0
|p 17A1435396
|o snkČSC 3670/13/2020/1
|i snk2021/9610
|8 0
|0 0
|1 0
|4 0
|d 2021-08-02
|l 0
|r 2026-02-21 19:29:28
|w 2026-02-21
|
| 952 |
|
|
|t č. 4-6
|a SNK
|b SNK
|y PREZ
|7 0
|p 17A1435397
|o snkČSC 3670/13/2020/2
|i snk2021/9611
|8 0
|0 0
|1 0
|4 0
|d 2021-08-02
|l 0
|r 2026-02-21 19:29:28
|w 2026-02-21
|
| 952 |
|
|
|t č. 1-3
|a SNK
|b SNK
|y PREZ
|7 0
|p 17A1525489
|o snkČSC 3670/13/2020/1 D1
|i snk2025/2283
|8 0
|0 0
|1 0
|4 0
|d 2025-02-11
|l 0
|r 2026-02-21 21:11:04
|w 2026-02-21
|
| 952 |
|
|
|t č. 4-6
|a SNK
|b SNK
|y PREZ
|7 0
|p 17A1525490
|o snkČSC 3670/13/2020/2 D1
|i snk2025/2284
|8 0
|0 0
|1 0
|4 0
|d 2025-02-11
|l 0
|r 2026-02-21 21:11:04
|w 2026-02-21
|
| 952 |
|
|
|t č. 1-3
|a SNK
|b SNK
|y PREZ
|7 0
|p 17A1525491
|o snkČSC 3670/14/2021/1
|i snk2025/2289
|8 0
|0 0
|1 0
|4 0
|d 2025-02-11
|l 0
|r 2026-02-21 21:11:04
|w 2026-02-21
|
| 952 |
|
|
|t č. 4-6
|a SNK
|b SNK
|y PREZ
|7 0
|p 17A1525492
|o snkČSC 3670/14/2021/2
|i snk2025/2293
|8 0
|0 0
|1 0
|4 0
|d 2025-02-11
|l 0
|r 2026-02-21 21:11:04
|w 2026-02-21
|
| 952 |
|
|
|t č. 1-3
|a SNK
|b SNK
|y PREZ
|7 0
|p 17A1525493
|o snkČSC 3670/14/2021/1 D1
|i snk2025/2294
|8 0
|0 0
|1 0
|4 0
|d 2025-02-11
|l 0
|r 2026-02-21 21:11:05
|w 2026-02-21
|
| 952 |
|
|
|t č. 4-6
|a SNK
|b SNK
|y PREZ
|7 0
|p 17A1525494
|o snkČSC 3670/14/2021/2 D1
|i snk2025/2297
|8 0
|0 0
|1 0
|4 0
|d 2025-02-11
|l 0
|r 2026-02-21 21:11:05
|w 2026-02-21
|
| 952 |
|
|
|t č. 1-4
|a SNK
|b SNK
|y PREZ
|7 0
|p 17A1525495
|o snkČSC 3670/15/2022
|i snk2025/2307
|8 0
|0 0
|1 0
|4 0
|d 2025-02-11
|l 0
|r 2026-02-21 21:11:05
|w 2026-02-21
|
| 952 |
|
|
|t č. 1-4
|a SNK
|b SNK
|y PREZ
|7 0
|p 17A1525496
|o snkČSC 3670/15/2022 D1
|i snk2025/2310
|8 0
|0 0
|1 0
|4 0
|d 2025-02-11
|l 0
|r 2026-02-21 21:11:05
|w 2026-02-21
|
| 952 |
|
|
|t č. 1-2
|a SNK
|b SNK
|y PREZ
|7 0
|p 17A1525497
|o snkČSC 3670/16/2023
|i snk2025/2323
|8 0
|0 0
|1 0
|4 0
|d 2025-02-11
|l 0
|r 2026-02-21 21:11:05
|w 2026-02-21
|
| 952 |
|
|
|t č. 1-2
|a SNK
|b SNK
|y PREZ
|7 0
|p 17A1525498
|o snkČSC 3670/16/2023 D1
|i snk2025/2324
|8 0
|0 0
|1 0
|4 0
|d 2025-02-11
|l 0
|r 2026-02-21 21:11:05
|w 2026-02-21
|
| 952 |
|
|
|t č. 6
|a SNK
|b SNK
|y PREZ
|7 0
|p 17A1325744
|o snkČSC 3670/11/2016/3 D1
|i snk2018/19628
|8 0
|0 0
|1 0
|4 0
|d 2018-09-28
|l 0
|r 2026-02-21 21:41:00
|w 2026-02-21
|
| 952 |
|
|
|t č. 1-6
|a SNK
|b SNK
|y PREZ
|7 0
|p 17A1148152
|o snkČSC 3670/3/2008 D1
|i snk2017/2396
|8 0
|0 0
|1 0
|4 0
|d 2017-01-26
|l 0
|r 2026-02-21 21:48:12
|w 2026-02-21
|
| 952 |
|
|
|t č. 1-6
|a SNK
|b SNK
|y PREZ
|7 0
|p 17A1148153
|o snkČSC 3670/4/2009
|i snk2017/2406
|8 0
|0 0
|1 0
|4 0
|d 2017-01-26
|l 0
|r 2026-02-21 21:48:12
|w 2026-02-21
|
| 952 |
|
|
|t č. 1-6
|a SNK
|b SNK
|y PREZ
|7 0
|p 17A1148154
|o snkČSC 3670/4/2009 D1
|i snk2017/2407
|8 0
|0 0
|1 0
|4 0
|d 2017-01-26
|l 0
|r 2026-02-21 21:48:12
|w 2026-02-21
|
| 952 |
|
|
|t č. 1-7, neúplné
|a SNK
|b SNK
|y PREZ
|7 0
|p 17A1148155
|o snkČSC 3670/5/2010
|i snk2017/2408
|8 0
|z Chýba č. 6
|0 0
|1 0
|4 0
|d 2017-01-26
|l 0
|r 2026-02-21 21:48:12
|w 2026-02-21
|
| 952 |
|
|
|t č. 1-7, neúplné
|a SNK
|b SNK
|y PREZ
|7 0
|p 17A1148156
|o snkČSC 3670/5/2010 D1
|i snk2017/2409
|8 0
|z Chýba č. 6
|0 0
|1 0
|4 0
|d 2017-01-26
|l 0
|r 2026-02-21 21:48:12
|w 2026-02-21
|
| 952 |
|
|
|t č. 1
|a SNK
|b SNK
|y PREZ
|7 0
|p 17A1148147
|o snkČSC 3670/1/2006-2007
|i snk2017/2334
|8 0
|0 0
|1 0
|4 0
|d 2017-01-26
|l 0
|r 2026-02-21 21:48:12
|w 2026-02-21
|
| 952 |
|
|
|t č. 1
|a SNK
|b SNK
|y PREZ
|7 0
|p 17A1148148
|o snkČSC 3670/1/2006-2007 D1
|i snk2017/2355
|8 0
|0 0
|1 0
|4 0
|d 2017-01-26
|l 0
|r 2026-02-21 21:48:12
|w 2026-02-21
|
| 952 |
|
|
|t č. 1-4
|a SNK
|b SNK
|y PREZ
|7 0
|p 17A1148149
|o snkČSC 3670/2/2007
|i snk2017/2380
|8 0
|0 0
|1 0
|4 0
|d 2017-01-26
|l 0
|r 2026-02-21 21:48:12
|w 2026-02-21
|
| 952 |
|
|
|t č. 1-4, neúplné
|a SNK
|b SNK
|y PREZ
|7 0
|p 17A1148150
|o snkČSC 3670/2/2007 D1
|i snk2017/2381
|8 0
|z Chýba č. 2
|0 0
|1 0
|4 0
|d 2017-01-26
|l 0
|r 2026-02-21 21:48:12
|w 2026-02-21
|
| 952 |
|
|
|t č. 1-6
|a SNK
|b SNK
|y PREZ
|7 0
|p 17A1148157
|o snkČSC 3670/6/2011
|i snk2017/2451
|8 0
|0 0
|1 0
|4 0
|d 2017-01-27
|l 0
|r 2026-02-21 21:48:15
|w 2026-02-21
|
| 952 |
|
|
|t č. 1-6
|a SNK
|b SNK
|y PREZ
|7 0
|p 17A1148158
|o snkČSC 3670/6/2011 D1
|i snk2017/2472
|8 0
|0 0
|1 0
|4 0
|d 2017-01-27
|l 0
|r 2026-02-21 21:48:15
|w 2026-02-21
|
| 952 |
|
|
|t č. 1-6
|a SNK
|b SNK
|y PREZ
|7 0
|p 17A1148159
|o snkČSC 3670/7/2012
|i snk2017/2500
|8 0
|0 0
|1 0
|4 0
|d 2017-01-27
|l 0
|r 2026-02-21 21:48:15
|w 2026-02-21
|
| 952 |
|
|
|t č. 1-6
|a SNK
|b SNK
|y PREZ
|7 0
|p 17A1148160
|o snkČSC 3670/7/2012 D1
|i snk2017/2501
|8 0
|0 0
|1 0
|4 0
|d 2017-01-27
|l 0
|r 2026-02-21 21:48:16
|w 2026-02-21
|
| 952 |
|
|
|t č. 1-6
|a SNK
|b SNK
|y PREZ
|7 0
|p 17A1148161
|o snkČSC 3670/8/2013
|i snk2017/2502
|8 0
|0 0
|1 0
|4 0
|d 2017-01-27
|l 0
|r 2026-02-21 21:48:16
|w 2026-02-21
|
| 952 |
|
|
|t č. 1-6
|a SNK
|b SNK
|y PREZ
|7 0
|p 17A1148162
|o snkČSC 3670/8/2013 D1
|i snk2017/2503
|8 0
|0 0
|1 0
|4 0
|d 2017-01-27
|l 0
|r 2026-02-21 21:48:16
|w 2026-02-21
|
| 952 |
|
|
|t č. 1-5
|a SNK
|b SNK
|y PREZ
|7 0
|p 17A1148163
|o snkČSC 3670/9/2014
|i snk2017/2504
|8 0
|0 0
|1 0
|4 0
|d 2017-01-27
|l 0
|r 2026-02-21 21:48:17
|w 2026-02-21
|
| 952 |
|
|
|t č. 1-5
|a SNK
|b SNK
|y PREZ
|7 0
|p 17A1148164
|o snkČSC 3670/9/2014 D1
|i snk2017/2507
|8 0
|0 0
|1 0
|4 0
|d 2017-01-27
|l 0
|r 2026-02-21 21:48:17
|w 2026-02-21
|
| 952 |
|
|
|t č. 1-6
|a SNK
|b SNK
|y PREZ
|7 0
|p 17A1148165
|o snkČSC 3670/10/2015
|i snk2017/2508
|8 0
|0 0
|1 0
|4 0
|d 2017-01-27
|l 0
|r 2026-02-21 21:48:17
|w 2026-02-21
|
| 952 |
|
|
|t č. 1-6
|a SNK
|b SNK
|y PREZ
|7 0
|p 17A1148166
|o snkČSC 3670/10/2015 D1
|i snk2017/2509
|8 0
|0 0
|1 0
|4 0
|d 2017-01-27
|l 0
|r 2026-02-21 21:48:17
|w 2026-02-21
|
| 952 |
|
|
|t č. 1-2
|a SNK
|b SNK
|y PREZ
|7 0
|p 17A1148167
|o snkČSC 3670/11/2016/1
|i snk2017/2510
|8 0
|z Č. 2 vyšlo 2x a druhé č. 2 sú zviazané č. 1-3
|0 0
|1 0
|4 0
|d 2017-01-27
|l 0
|r 2026-02-21 21:48:17
|w 2026-02-21
|
| 952 |
|
|
|t č. 1-2
|a SNK
|b SNK
|y PREZ
|7 0
|p 17A1148168
|o snkČSC 3670/11/2016/1 D1
|i snk2017/2511
|8 0
|z Č. 2 vyšlo 2x a druhé č. 2 sú zviazané č. 1-3
|0 0
|1 0
|4 0
|d 2017-01-27
|l 0
|r 2026-02-21 21:48:17
|w 2026-02-21
|
| 952 |
|
|
|t č. 3-7
|a SNK
|b SNK
|y PREZ
|7 0
|p 17A1148169
|o snkČSC 3670/11/2016/2
|i snk2017/2512
|8 0
|0 0
|1 0
|4 0
|d 2017-01-27
|l 0
|r 2026-02-21 21:48:17
|w 2026-02-21
|
| 952 |
|
|
|t č. 3-5,7
|a SNK
|b SNK
|y PREZ
|7 0
|p 17A1148170
|o snkČSC 3670/11/2016/2 D1
|i snk2017/2514
|8 0
|0 0
|1 0
|4 0
|d 2017-01-27
|l 0
|r 2026-02-21 21:48:17
|w 2026-02-21
|
| 952 |
|
|
|t č. 1-6
|a SNK
|b SNK
|y PREZ
|7 0
|p 17A1148151
|o snkČSC 3670/3/2008
|i snk2017/2387
|8 0
|0 0
|1 0
|4 0
|d 2017-01-26
|l 0
|r 2026-02-21 21:48:17
|w 2026-02-21
|
| 952 |
|
|
|t č. 1-6, neúplné
|a SNK
|b SNK
|y PREZ
|7 0
|p 17A1388278
|o snkČSC 3670/10/2017
|i snk2020/11021
|8 0
|z Chýba č. 2 ; Označenie roč. X
|0 0
|1 0
|4 0
|d 2020-06-23
|l 0
|r 2026-02-21 22:01:38
|w 2026-02-21
|
| 952 |
|
|
|t č. 1-6, neúplné
|a SNK
|b SNK
|y PREZ
|7 0
|p 17A1388277
|o snkČSC 3670/10/2017 D1
|i snk2020/11028
|8 0
|z Chýba č. 2 ; Označenie roč. X
|0 0
|1 0
|4 0
|d 2020-06-23
|l 0
|r 2026-02-21 22:01:38
|w 2026-02-21
|
| 952 |
|
|
|t č. 1-4
|a SNK
|b SNK
|y PREZ
|7 0
|p 17A1388276
|o snkČSC 3670/11/2018/1
|i snk2020/11029
|8 0
|0 0
|1 0
|4 0
|d 2020-06-23
|l 0
|r 2026-02-21 22:01:38
|w 2026-02-21
|
| 952 |
|
|
|t č. 5-7
|a SNK
|b SNK
|y PREZ
|7 0
|p 17A1388275
|o snkČSC 3670/11/2018/2
|i snk2020/11033
|8 0
|0 0
|1 0
|4 0
|d 2020-06-23
|l 0
|r 2026-02-21 22:01:38
|w 2026-02-21
|
| 952 |
|
|
|t č. 1-4
|a SNK
|b SNK
|y PREZ
|7 0
|p 17A1388274
|o snkČSC 3670/11/2018/1 D1
|i snk2020/11038
|8 0
|0 0
|1 0
|4 0
|d 2020-06-23
|l 0
|r 2026-02-21 22:01:38
|w 2026-02-21
|
| 952 |
|
|
|t č. 5-7
|a SNK
|b SNK
|y PREZ
|7 0
|p 17A1388273
|o snkČSC 3670/11/2018/2 D1
|i snk2020/11041
|8 0
|0 0
|1 0
|4 0
|d 2020-06-23
|l 0
|r 2026-02-21 22:01:38
|w 2026-02-21
|
| 952 |
|
|
|t č. 1-6
|a SNK
|b SNK
|y PREZ
|7 0
|p 17A1388272
|o snkČSC 3670/12/2019
|i snk2020/11048
|8 0
|0 0
|1 0
|4 0
|d 2020-06-23
|l 0
|r 2026-02-21 22:01:38
|w 2026-02-21
|
| 952 |
|
|
|t č. 1-6, neúplné
|a SNK
|b SNK
|y PREZ
|7 0
|p 17A1388271
|o snkČSC 3670/12/2019 D1
|i snk2020/11049
|8 0
|z Chýba č. 1
|0 0
|1 0
|4 0
|d 2020-06-23
|l 0
|r 2026-02-21 22:01:38
|w 2026-02-21
|